000
00324nam a2200133Ia 4500
008
200103s9999||||xx |||||||||||||| ||und||
020
_a
0291396763,
040
_a
IMU-MPC
082
_a
Column-32
100
_a
Munro-Smith, R.
245
0
_a
Applied Mechanics
260
_b
The technical press ltd., London
_c
1975
942
_c
BK
999
_c
7596
_d
7596